[Event "RSA-ch U12"]
[Site "Bloemfontein"]
[Date "2016.03.22"]
[Round "5"]
[White "Naidu, Jaedon"]
[Black "Deang, Alman"]
[Result "1-0"]
[WhiteElo "1283"]
[BlackElo "1056"]
[PlyCount "49"]
[EventDate "2016.03.20"]
[EventType "swiss"]
[EventRounds "11"]
[EventCountry "RSA"]
[SourceTitle "CBM 171 Extra"]
[Source "ChessBase"]
[SourceDate "2016.04.26"]
[SourceVersion "1"]
[SourceVersionDate "2016.04.26"]
[SourceQuality "1"]

1. e4 c5 2. Nf3 Nc6 3. d4 cxd4 4. Nxd4 Nxd4 5. Qxd4 d6 6. Nc3 e5 7. Qd2 g6 8. Bc4 Bh6 9. Qd3 Bg7 10. Be3 Nf6 11. Rd1 Bf8 12. Nb5 d5 13. exd5 Bf5 14. Qb3 a6 15. Nc3 b5 16. Bd3 Bxd3 17. Rxd3 b4 18. Qa4+ Nd7 19. Ne4 Qh4 20. Qc6 Rd8 21. Nd6+ Bxd6 22. Qxd6 Qc4 23. Bg5 f6 24. Qe6+ Kf8 25. Bh6# 1-0